| 000 | 00755nam a2200193 a 4500 | ||
|---|---|---|---|
| 001 | 000030177 | ||
| 005 | 20200930060116.0 | ||
| 008 | 110503s2001 sp 000 0 spa d | ||
| 020 | _a848310721X | ||
| 040 |
_aDO-SdBNP _bspa _cBNPHU |
||
| 100 | 1 |
_aAscherson, Neal _956889 |
|
| 240 | 1 | 0 |
_aBlack sea. The birtbplace of civilisation and barbarism _lInglés |
| 245 | 1 | 0 |
_aEl mar negro : _bCuna de la civilización y la barbarie / _cNeal Ascherson ; traductor María Luz García de la Hoz. |
| 260 |
_aBarcelona : _bTusquets Editores, _c2001. |
||
| 300 |
_a356 p. ; _c23 cm. |
||
| 500 | _aIncluye datos biográficos del autor en la solapa de la contracubierta | ||
| 500 | _aTraducido del idioma inglés | ||
| 700 | 1 |
_aGarcía de la Hoz, María Luz, _etrad. _956890 |
|
| 999 |
_c29669 _d29669 |
||